ARRUPE JESUIT UNIVERSITY

CORONAVIRUS -STOP THE SPREAD - CLEAN,DISINFECT,COVER

Cry of the fish eagle / (Record no. 124304)

MARC details
000 -LEADER
fixed length control field 00664nam a22002297a 4500
001 - CONTROL NUMBER
control field 3958253
003 - CONTROL NUMBER IDENTIFIER
control field ARRUPE
005 - DATE AND TIME OF LATEST TRANSACTION
control field 20160303122205.0
008 - FIXED-LENGTH DATA ELEMENTS--GENERAL INFORMATION
fixed length control field 940317s1993 rh 000 0 eng
010 ## - LIBRARY OF CONGRESS CONTROL NUMBER
LC control number 93982850
020 ## - INTERNATIONAL STANDARD BOOK NUMBER
Cancelled/invalid ISBN 07790411089
040 ## - CATALOGING SOURCE
Original cataloging agency DLC
Transcribing agency DLC
042 ## - AUTHENTICATION CODE
Authentication code lcode
050 00 - LIBRARY OF CONGRESS CALL NUMBER
Classification number MLCS 93/13320 (P)
300 ## - PHYSICAL DESCRIPTION
Dimensions 18 cm.
100 1# - MAIN ENTRY--PERSONAL NAME
Personal name Rimmer, Peter,
Dates associated with a name 1937-
9 (RLIN) 22723
245 10 - TITLE STATEMENT
Title Cry of the fish eagle /
Statement of responsibility, etc Peter Rimmer.
260 ## - PUBLICATION, DISTRIBUTION, ETC. (IMPRINT)
Place of publication, distribution, etc [Harare] Zimbabwe :
Name of publisher, distributor, etc Harper Collins Publishers,
Date of publication, distribution, etc 1993.
300 ## - PHYSICAL DESCRIPTION
Extent 606 p. ;
906 ## - LOCAL DATA ELEMENT F, LDF (RLIN)
a 7
b cbc
c origode
d u
e ncip
f 19
g y-gencatlg
942 ## - ADDED ENTRY ELEMENTS (KOHA)
Source of classification or shelving scheme Library of Congress Classification
Koha item type Monograph ( Printed materials)
Holdings
Withdrawn status Lost status Source of classification or shelving scheme Damaged status Not for loan Collection code Home library Current library Shelving location Date acquired Total Checkouts Full call number Barcode Date last seen Price effective from Koha item type
    Library of Congress Classification     Main Collection ARRUPE LIBRARY ARRUPE LIBRARY Main Collection 03/03/2016   PR9390.9.R5 C7 46500006294 03/03/2016 03/03/2016 Monograph ( Printed materials)

 

Arrupe Library. PO Box MP320 Mt Pleasant, Harare, Zimbabwe
263 242 745411|librarian@aju.ac.zw